000
00302nam a2200121Ia 4500
008
190216s9999||||xx |||||||||||||| ||und||
100
_a
Appan K P
245
0
_a
Malayalam-Uthradunikatha Varthamanavum Vamshavaliyum
260
_b
Dc Books Kottayam
300
_a
123
650
_a
Malayalam
942
_c
BK
999
_c
27704
_d
27704